Earnings rise steadily (Record no. 74208)

MARC details
000 -LEADER
fixed length control field 00874cab a2200217 4500
001 - CONTROL NUMBER
control field ABS67545
008 - FIXED-LENGTH DATA ELEMENTS--GENERAL INFORMATION
fixed length control field 040302n2004 000 0 eng u
035 ## - SYSTEM CONTROL NUMBER
System control number (Sirsi) u125292
245 ## - TITLE STATEMENT
Title Earnings rise steadily
260 ## - PUBLICATION, DISTRIBUTION, ETC.
Date of publication, distribution, etc. 2004
490 ## - SERIES STATEMENT
Series statement Construction News
Volume/sequential designation (6854) 19 February 2004, 30-31 (2)
520 ## - SUMMARY, ETC.
Summary, etc. Summarises the Hill McGlynn annual construction salaries survey. Findings for 2003 include an avarage pay rise of 3.8% for professional staff employed by contractors, with Commercial managers coming top with an an annual pay rise of 4.2%. Assistant quantity surveyors received the smallest pay rise of 3.2%. Charts and tables.
590 ## - LOCAL NOTE (RLIN)
Local note ABS
650 ## - SUBJECT ADDED ENTRY--TOPICAL TERM
Topical term or geographic name entry element SALARY SURVEYS
650 ## - SUBJECT ADDED ENTRY--TOPICAL TERM
Topical term or geographic name entry element SURVEYORS
650 ## - SUBJECT ADDED ENTRY--TOPICAL TERM
Topical term or geographic name entry element STAFF
650 ## - SUBJECT ADDED ENTRY--TOPICAL TERM
Topical term or geographic name entry element RECRUITMENT
650 ## - SUBJECT ADDED ENTRY--TOPICAL TERM
Topical term or geographic name entry element PENSIONS
690 ## - LOCAL SUBJECT ADDED ENTRY--TOPICAL TERM (OCLC, RLIN)
Topical term or geographic name as entry element MANAGEMENT-BUSINESS MANAGEMENT-PROFESSIONAL PRACTICE
942 ## - ADDED ENTRY ELEMENTS (KOHA)
Suppress in OPAC 0
Holdings
Withdrawn status Lost status Source of classification or shelving scheme Damaged status Not for loan Home library Current library Shelving location Date acquired Total Checkouts Full call number Barcode Date last seen Copy number Price effective from Koha item type
    Dewey Decimal Classification     London London Journal article 02/03/2004   ABS67545 125292-1001 06/08/2019 1 06/08/2019 Journal article